| 000 | 00657nam a2200205Ia 4500 | ||
|---|---|---|---|
| 003 | OSt | ||
| 005 | 20240821114147.0 | ||
| 008 | 210210b1999 xxu||||| |||| 00| 0 eng d | ||
| 040 | _cAL | ||
| 041 | _aKannada | ||
| 082 | _aK494.802 KARB | ||
| 100 |
_aKARIGAUDA BICHANAHALLI, _dಕರಿಗೌಡ ಬಿಚನಹಳ್ಳಿ, Ed. _9177638 |
||
| 245 |
_aBhashantharada samskratika nelegalu. _bಭಾಷಾಂತರದ ಸಾಂಸ್ಕೃತಿಕ ನೆಲೆಗಳು |
||
| 260 |
_aVidyaranya _bPrasaranga _c1999 |
||
| 300 | _a107 | ||
| 650 |
_aKannada Translation _9177639 |
||
| 690 |
_aKannada Language _9177640 |
||
| 906 | _a059033 | ||
| 942 |
_2ddc _cBK |
||
| 999 |
_c106308 _d106308 |
||